Porovnanie úmrtnosti obyvateľstva vo vysokom veku vo vybraných európskych krajinách
Guardado en:
| Autor principal: | |
|---|---|
| Formato: | Capítulo de libro |
| Lenguaje: | eslovaco |
| Materias: | |
| Etiquetas: |
Sin Etiquetas, Sea el primero en etiquetar este registro!
|
MARC
| LEADER | 00000naa$a2200000$$$4500 | ||
|---|---|---|---|
| 001 | 0305455 | ||
| 005 | 20241205094217.3 | ||
| 041 | 0 | |a slo | |
| 044 | |a SK | ||
| 245 | 1 | 0 | |a Porovnanie úmrtnosti obyvateľstva vo vysokom veku vo vybraných európskych krajinách |c Silvia Zelinová |
| 500 | |a Abstrakt | ||
| 610 | 2 | 0 | |a úmrtnosť |
| 610 | 2 | 0 | |a populácia |
| 610 | 2 | 0 | |a dáta |
| 610 | 2 | 0 | |a spoločnosť |
| 100 | 1 | |a Zelinová, Silvia, 1987- | |